Lábik János tárlata az esztergomi élményfürdő galériájában a hetvennyolc éves halk szavú művészt a vizek festőjeként emlegetik, képeinek állandó motívuma és ihletője a természet, a folyók és az erdők

Bibliographic Details
Main Author: Gulyás, Zsuzsanna (Author)
Format: Article
Language:Hungarian
PhysicalDescription:Fotogr.
ISSN:1335-7050
Subjects:

MARC

LEADER 00000nab a2200000 ar4500
001 vtls010278974
003 SK-MaSNL
005 20260318122240.0
008 110517c20110507xo |||||||| 000 b|hun
015 |a SNBRB2011/05  |2 snkbucl 
038 |a SNKBUCL 
040 |a DSZK  |b slo  |c DSZK  |e AACR2 
041 0 |a hun 
044 |a xo  |c SK 
080 |a 75.071.1  |2 2001 
080 |a 061.4  |2 2001 
100 1 |a Gulyás, Zsuzsanna  |4 aut  |9 1037193 
245 1 0 |a Lábik János tárlata az esztergomi élményfürdő galériájában  |b a hetvennyolc éves halk szavú művészt a vizek festőjeként emlegetik, képeinek állandó motívuma és ihletője a természet, a folyók és az erdők  |c Gulyás Zsuzsanna 
300 |b Fotogr. 
600 1 7 |a Lábik, Ján,  |d 1933-  |2 snkbucl  |9 112291 
648 7 |a 2011  |2 snkbucl  |9 328311 
650 0 7 |a maliari  |2 SNKPH  |9 3150 
650 0 7 |a výstavy  |2 SNKPH  |9 2780 
651 7 |a Ostrihom (Maďarsko)  |2 SNKPHgeo  |9 21449 
773 0 |t Új szó  |g Évf. 64, sz. 105 (7.5.2011), o. 4  |x 1335-7050 
852 |a SNK  |b KIS3GCP 
852 |a DSZK  |b KIS3GCP 
958 |a HU 
958 |a SK 
999 |c 3198596  |d 3200526